Argentinien-Quiz - Statistiken

Allgemein
  • Dieses Quiz wurde 2.374 mal gespielt
  • Das Durchschnittsergebnis liegt bei 14 aus 22
Antwortstatistiken
Frage Antwort % Korrekt
Amtssprache Spanisch
99%
Hauptstadt Buenos Aires
98%
Sechsfahrer Fussballer des Jahres Lionel Messi
89%
Gebirgskette in der sich der obere Berg befindet Anden
85%
Währung Peso
81%
Tanz der in Argentinien erfunden wurde Tango
80%
Fussballer, der 1986 das "Tor des Jahrhunderts" schoss Diego Maradona
78%
Argentinischer Papst Franziskus
78%
Inselgruppe, die beim obigen Konflikt bestritten wurde Falklandinseln
76%
Land, das 1982 gegen Argentinien Krieg führte Vereinigtes Königreich
73%
Marxistischer Revolutionär, der in Argentinien geboren wurde Che Guevara
60%
Wirtschaftszahl die 1989 12,000% erreichte Inflation
60%
Mündung zwischen Argentinien und Uruguay Río de la {Plata}
58%
Begriff für einen argentinischen Cowboy Gaucho
56%
Südliche Region Argentiniens und Chiles mit sehr schwacher Besiedlung Patagonien
55%
Südliche Inselgruppe an der Kontinentenspitze Feuerland
53%
Chemisches Element nach dem Argentinien benannt wurde Silber
53%
Fruchtbare Grasregion im Norden Argentiniens Pampa
48%
Name der bekanntesten Frau von Präsident Perón Eva
47%
Wasserfälle an der Grenze zu Brasilien Iguazú-Fälle
37%
Höchster Berg Südamerikas Aconcagua
30%
Argentinische Grilliervariante Asado
17%
Keine übereinstimmenden Quizze gefunden
Verteilung der Resultate
Anzahl Personen mit jedem Resultat
Perzentil nach korrekt beantworteten Fragen
Ihre Resultats-Entwicklung
Sie haben dieses Quiz noch nicht gespielt